[Event "11th LCC Super Blitz 2019"]
[Site "London"]
[Date "2019.12.08"]
[Round "8.7"]
[White "Sheikh, Anum"]
[Black "Watson, Mikey J"]
[Result "0-1"]
[WhiteElo "1560"]
[BlackElo "1748"]
[Annotator "NA"]
[PlyCount "30"]
[EventDate "2019.12.08"]
[EventType "swiss"]
[EventCountry "ENG"]
[SourceTitle "playchess.com"]
[Source "ChessBase"]
[SourceQuality "1"]
[TimeControl "180+2"]

1. e4 {[%emt 0:00:00]} c6 {[%emt 0:00:00]} 2. d4 {[%emt 0:00:00]} d5 {[%emt 0:00:00]} 3. exd5 {[%emt 0:00:01]} cxd5 {[%emt 0:00:01]} 4. Bd3 {[%emt 0:00:02]} Nf6 {[%emt 0:00:01]} 5. Bf4 {[%emt 0:00:02]} Nc6 {[%emt 0:00:02]} 6. c3 {[%emt 0:00:00]} g6 {[%emt 0:00:01]} 7. Nf3 {[%emt 0:00:03]} Bg7 {[%emt 0:00:01]} 8. O-O {[%emt 0:00:03]} O-O {[%emt 0:00:02]} 9. Re1 {[%emt 0:00:07]} Bf5 {[%emt 0:00:10]} 10. Bxf5 {[%emt 0:00:07]} gxf5 {[%emt 0:00:01]} 11. Nbd2 {[%emt 0:00:13]} e6 {[%emt 0:00:02]} 12. Ne5 {[%emt 0:00:19]} Ne4 {[%emt 0:00:12]} 13. f3 {[%emt 0:00:05]} Nxe5 {[%emt 0:00:23]} 14. Bxe5 {[%emt 0:00:08]} Bxe5 {[%emt 0:00:32]} 15. dxe5 {[%emt 0:00:04]} Qb6+ {[%emt 0:00:03]} 0-1

[Event "11th LCC Super Blitz 2019"]
[Site "London"]
[Date "2019.12.08"]
[Round "8.8"]
[White "Mortazavi, Ali"]
[Black "Sandhu, Manvith"]
[Result "1-0"]
[WhiteElo "2333"]
[BlackElo "1673"]
[Annotator "NA"]
[PlyCount "44"]
[EventDate "2019.12.08"]
[EventType "swiss"]
[EventCountry "ENG"]
[SourceTitle "playchess.com"]
[Source "ChessBase"]
[SourceQuality "1"]
[TimeControl "180+2"]

1. e4 {[%emt 0:00:00]} Nc6 {[%emt 0:00:00]} 2. Nc3 {[%emt 0:00:00]} d6 {[%emt 0:00:02]} 3. d4 {[%emt 0:00:08]} Nf6 {[%emt 0:00:01]} 4. Bb5 {[%emt 0:00:02]} a6 {[%emt 0:00:06]} 5. Bxc6+ {[%emt 0:00:01]} bxc6 {[%emt 0:00:01]} 6. h3 {[%emt 0:00:00]} e6 {[%emt 0:00:04]} 7. f4 {[%emt 0:00:08]} Bb7 {[%emt 0:00:11]} 8. Qe2 {[%emt 0:00:06]} d5 {[%emt 0:00:24]} 9. e5 {[%emt 0:00:01]} Nd7 {[%emt 0:00:01]} 10. Nf3 {[%emt 0:00:02]} c5 {[%emt 0:00:01]} 11. Be3 {[%emt 0:00:07]} cxd4 {[%emt 0:00:02]} 12. Bxd4 {[%emt 0:00:02]} c5 {[%emt 0:00:11]} 13. Bf2 {[%emt 0:00:00]} Qb6 {[%emt 0:00:07]} 14. Rb1 {[%emt 0:00:06]} Qc7 {[%emt 0:00:09]} 15. O-O {[%emt 0:00:07]} Be7 {[%emt 0:00:02]} 16. Bh4 {[%emt 0:00:18]} Bxh4 {[%emt 0:00:03]} 17. Nxh4 {[%emt 0:00:01]} O-O {[%emt 0:00:06]} 18. Qg4 {[%emt 0:00:01]} d4 {[%emt 0:00:11]} 19. Ne2 {[%emt 0:00:05]} Nb6 {[%emt 0:00:09]} 20. f5 {[%emt 0:00:19]} Nc4 {[%emt 0:00:02]} 21. f6 {[%emt 0:00:05]} g6 {[%emt 0:00:06]} 22. Qg5 {[%emt 0:00:15]} Kh8 {[%emt 0:00:38]} 1-0

[Event "11th LCC Super Blitz 2019"]
[Site "London"]
[Date "2019.12.08"]
[Round "8.8"]
[White "Eames, Robert S"]
[Black "Nunn, Petra"]
[Result "1-0"]
[WhiteElo "2166"]
[BlackElo "1908"]
[Annotator "NA"]
[PlyCount "37"]
[EventDate "2019.12.08"]
[EventType "swiss"]
[EventCountry "ENG"]
[SourceTitle "playchess.com"]
[Source "ChessBase"]
[SourceQuality "1"]
[TimeControl "180+2"]

1. e4 {[%emt 0:00:02]} c5 {[%emt 0:00:00]} 2. Nf3 {[%emt 0:00:02]} d6 {[%emt 0:00:00]} 3. d4 {[%emt 0:00:02]} Nf6 {[%emt 0:00:01]} 4. Nc3 {[%emt 0:00:02]} cxd4 {[%emt 0:00:01]} 5. Nxd4 {[%emt 0:00:02]} g6 {[%emt 0:00:02]} 6. Be3 {[%emt 0:00:03]} Bg7 {[%emt 0:00:01]} 7. f3 {[%emt 0:00:02]} O-O {[%emt 0:00:02]} 8. Qd2 {[%emt 0:00:01]} Nc6 {[%emt 0:00:02]} 9. O-O-O {[%emt 0:00:09]} d5 {[%emt 0:00:00]} 10. Qe1 {[%emt 0:00:10]} e5 {[%emt 0:00:19]} 11. Nxc6 {[%emt 0:00:05]} bxc6 {[%emt 0:00:03]} 12. exd5 {[%emt 0:00:12]} Nxd5 {[%emt 0:00:12]} 13. Bc4 {[%emt 0:00:18]} Be6 {[%emt 0:00:04]} 14. Ne4 {[%emt 0:00:10]} Qc7 {[%emt 0:00:58]} 15. Bc5 {[%emt 0:00:07]} Rfd8 {[%emt 0:00:06]} 16. Qh4 {[%emt 0:00:19]} f5 {[%emt 0:01:06]} 17. Ng5 {[%emt 0:00:12]} Bf6 {[%emt 0:00:02]} 18. Nxe6 {[%emt 0:00:10]} Bxh4 {[%emt 0:00:02]} 19. Nxc7 {[%emt 0:00:02]} 1-0

[Event "11th LCC Super Blitz 2019"]
[Site "London"]
[Date "2019.12.08"]
[Round "8.8"]
[White "Royal, Shreyas"]
[Black "Manmay Chopra"]
[Result "1-0"]
[WhiteElo "1941"]
[BlackElo "1354"]
[Annotator "NA"]
[PlyCount "71"]
[EventDate "2019.12.08"]
[EventType "swiss"]
[EventCountry "ENG"]
[SourceTitle "playchess.com"]
[Source "ChessBase"]
[SourceQuality "1"]
[TimeControl "180+2"]

1. d4 {[%emt 0:00:00]} Nf6 {[%emt 0:00:00]} 2. c4 {[%emt 0:00:00]} g6 {[%emt 0:00:04]} 3. Nc3 {[%emt 0:00:00]} Bg7 {[%emt 0:00:00]} 4. e4 {[%emt 0:00:01]} d6 {[%emt 0:00:03]} 5. Nge2 O-O {[%emt 0:00:01]} 6. Ng3 {[%emt 0:00:02]} e5 {[%emt 0:00:02]} 7. d5 {[%emt 0:00:01]} Ne8 {[%emt 0:00:03]} 8. Be2 {[%emt 0:00:03]} f5 {[%emt 0:00:01]} 9. exf5 {[%emt 0:00:02]} gxf5 {[%emt 0:00:02]} 10. f4 {[%emt 0:00:01]} Nd7 {[%emt 0:00:09]} 11. O-O {[%emt 0:00:02]} e4 {[%emt 0:00:01]} 12. Be3 {[%emt 0:00:06]} Ndf6 {[%emt 0:00:02]} 13. Bd4 {[%emt 0:00:07]} a6 {[%emt 0:00:13]} 14. Qd2 {[%emt 0:00:06]} Qe7 {[%emt 0:00:01]} 15. Nd1 {[%emt 0:00:06]} Nd7 {[%emt 0:00:05]} 16. Ne3 {[%emt 0:00:05]} Bxd4 {[%emt 0:00:10]} 17. Qxd4 {[%emt 0:00:02]} Nb6 {[%emt 0:00:22]} 18. b4 {[%emt 0:00:11]} Ng7 {[%emt 0:00:01]} 19. c5 {[%emt 0:00:04]} Nd7 {[%emt 0:00:08]} 20. Rac1 {[%emt 0:00:17]} dxc5 {[%emt 0:00:10]} 21. bxc5 {[%emt 0:00:01]} Qf6 {[%emt 0:00:04]} 22. Qd2 {[%emt 0:00:11]} b6 {[%emt 0:00:06]} 23. d6 {[%emt 0:00:14]} Nxc5 {[%emt 0:00:10]} 24. dxc7 {[%emt 0:00:07]} Be6 {[%emt 0:00:05]} 25. Nd5 {[%emt 0:00:15]} Bxd5 {[%emt 0:00:13]} 26. Qxd5+ {[%emt 0:00:01]} Qe6 {[%emt 0:00:01]} 27. Bc4 {[%emt 0:00:24]} Qxd5 {[%emt 0:00:30]} 28. Bxd5+ {[%emt 0:00:02]} Kh8 {[%emt 0:00:01]} 29. Bxa8 {[%emt 0:00:01]} Rxa8 {[%emt 0:00:00]} 30. Rfd1 {[%emt 0:00:05]} Nge6 {[%emt 0:00:03]} 31. Nxf5 {[%emt 0:00:05]} Nxc7 {[%emt 0:00:01]} 32. Rd6 {[%emt 0:00:07]} Rf8 {[%emt 0:00:12]} 33. Ng3 {[%emt 0:00:04]} Rxf4 {[%emt 0:00:04]} 34. Rxb6 {[%emt 0:00:02]} N7e6 {[%emt 0:00:07]} 35. Rb8+ {[%emt 0:00:03]} Kg7 {[%emt 0:00:00]} 36. Nh5+ {[%emt 0:00:01]} 1-0

[Event "11th LCC Super Blitz 2019"]
[Site "London"]
[Date "2019.12.08"]
[Round "8.9"]
[White "Saidmurodov, Shahjahon"]
[Black "Dhemrait, Jagdeep"]
[Result "0-1"]
[WhiteElo "1812"]
[BlackElo "1834"]
[Annotator "NA"]
[PlyCount "48"]
[EventDate "2019.12.08"]
[EventType "swiss"]
[EventCountry "ENG"]
[SourceTitle "playchess.com"]
[Source "ChessBase"]
[SourceQuality "1"]
[TimeControl "180+2"]

1. e4 {[%emt 0:00:00]} c5 {[%emt 0:00:00]} 2. Nf3 {[%emt 0:00:00]} Nc6 {[%emt 0:00:00]} 3. d4 {[%emt 0:00:04]} cxd4 {[%emt 0:00:02]} 4. Nxd4 {[%emt 0:00:01]} g6 {[%emt 0:00:03]} 5. Nc3 {[%emt 0:00:05]} a6 {[%emt 0:00:00]} 6. Be3 {[%emt 0:00:08]} Bg7 {[%emt 0:00:02]} 7. Bc4 {[%emt 0:00:01]} e6 {[%emt 0:00:04]} 8. Nxc6 {[%emt 0:00:24]} bxc6 {[%emt 0:00:13]} 9. Bc5 {[%emt 0:00:23]} d5 {[%emt 0:00:10]} 10. exd5 {[%emt 0:00:08]} cxd5 {[%emt 0:00:18]} 11. Bb3 {[%emt 0:00:13]} Bd7 {[%emt 0:00:20]} 12. O-O {[%emt 0:00:29]} Ne7 {[%emt 0:00:04]} 13. Bxe7 {[%emt 0:00:30]} Qxe7 {[%emt 0:00:12]} 14. Nxd5 {[%emt 0:00:06]} exd5 {[%emt 0:00:08]} 15. Qxd5 {[%emt 0:00:01]} O-O {[%emt 0:00:14]} 16. Rfe1 {[%emt 0:00:11]} Be6 {[%emt 0:00:30]} 17. Qf3 {[%emt 0:00:17]} Bxb2 {[%emt 0:00:20]} 18. Rad1 {[%emt 0:00:02]} Rad8 {[%emt 0:00:15]} 19. Rxd8 {[%emt 0:00:13]} Rxd8 {[%emt 0:00:05]} 20. h4 {[%emt 0:00:16]} Qxh4 {[%emt 0:00:20]} 21. Bxe6 {[%emt 0:00:04]} fxe6 {[%emt 0:00:02]} 22. Qb3 {[%emt 0:00:05]} Bg7 {[%emt 0:00:13]} 23. Qxe6+ {[%emt 0:00:01]} Kh8 {[%emt 0:00:03]} 24. Qf7 {[%emt 0:00:04]} Rf8 {[%emt 0:00:16]} 0-1

[Event "11th LCC Super Blitz 2019"]
[Site "London"]
[Date "2019.12.08"]
[Round "8.9"]
[White "Phillips, David"]
[Black "Iyengar, Ilya"]
[Result "0-1"]
[WhiteElo "1810"]
[BlackElo "1984"]
[Annotator "NA"]
[PlyCount "55"]
[EventDate "2019.12.08"]
[EventType "swiss"]
[EventCountry "ENG"]
[SourceTitle "playchess.com"]
[Source "ChessBase"]
[SourceQuality "1"]
[TimeControl "180+2"]

1. b3 {[%emt 0:00:03]} Nf6 {[%emt 0:00:00]} 2. Bb2 {[%emt 0:00:01]} g6 {[%emt 0:00:00]} 3. Bxf6 {[%emt 0:00:04]} exf6 {[%emt 0:00:01]} 4. Nf3 {[%emt 0:00:07]} Bg7 {[%emt 0:00:01]} 5. c3 {[%emt 0:00:02]} O-O {[%emt 0:00:03]} 6. g3 {[%emt 0:00:02]} f5 {[%emt 0:00:03]} 7. Bg2 {[%emt 0:00:03]} Qf6 {[%emt 0:00:13]} 8. O-O {[%emt 0:00:08]} f4 {[%emt 0:00:02]} 9. d4 {[%emt 0:00:06]} fxg3 {[%emt 0:00:07]} 10. hxg3 {[%emt 0:00:07]} d5 {[%emt 0:00:02]} 11. Ne5 {[%emt 0:00:12]} c6 {[%emt 0:00:03]} 12. Nd2 {[%emt 0:00:09]} Bf5 {[%emt 0:00:14]} 13. Ndf3 {[%emt 0:00:07]} Nd7 {[%emt 0:00:52]} 14. Qd2 {[%emt 0:00:06]} Qe6 {[%emt 0:00:13]} 15. Nd3 {[%emt 0:00:30]} h6 {[%emt 0:00:24]} 16. Nf4 {[%emt 0:00:04]} Qe7 {[%emt 0:00:08]} 17. Nh4 {[%emt 0:00:03]} Bg4 {[%emt 0:00:23]} 18. Nf3 {[%emt 0:00:09]} Nf6 {[%emt 0:00:08]} 19. Ne5 {[%emt 0:00:08]} Bf5 {[%emt 0:00:07]} 20. Nfd3 {[%emt 0:00:18]} Ne4 {[%emt 0:00:04]} 21. Qc1 {[%emt 0:00:05]} Rae8 {[%emt 0:00:01]} 22. Bf3 {[%emt 0:00:26]} h5 {[%emt 0:00:03]} 23. Bg2 {[%emt 0:00:08]} h4 {[%emt 0:00:03]} 24. g4 {[%emt 0:00:08]} Bc8 {[%emt 0:00:01]} 25. f3 {[%emt 0:00:12]} Ng3 {[%emt 0:00:05]} 26. Rf2 {[%emt 0:00:02]} Kh7 {[%emt 0:00:08]} 27. Nf4 {[%emt 0:00:21]} g5 {[%emt 0:00:16]} 28. Nh5 {[%emt 0:00:03]} 0-1

[Event "11th LCC Super Blitz 2019"]
[Site "London"]
[Date "2019.12.08"]
[Round "8.9"]
[White "Srivastava, Arnav"]
[Black "Lovell, William Pm"]
[Result "1-0"]
[WhiteElo "1728"]
[BlackElo "1831"]
[Annotator "NA"]
[PlyCount "61"]
[EventDate "2019.12.08"]
[EventType "swiss"]
[EventCountry "ENG"]
[SourceTitle "playchess.com"]
[Source "ChessBase"]
[SourceQuality "1"]
[TimeControl "180+2"]

1. d4 {[%emt 0:03:13]} d5 2. c4 dxc4 3. e3 {[%emt 0:00:02]} e6 4. Bxc4 {[%emt 0:00:02]} Nf6 5. Nf3 a6 6. O-O b5 7. Bd3 {[%emt 0:00:01]} Bb7 8. Nc3 Nbd7 9. a3 Be7 10. b4 O-O {[%emt 0:00:03]} 11. Bb2 {[%emt 0:00:02]} Bd6 {[%emt 0:00:07]} 12. e4 {[%emt 0:00:02]} e5 {[%emt 0:00:03]} 13. d5 c6 {[%emt 0:00:03]} 14. Be2 {[%emt 0:00:01]} cxd5 15. exd5 Nb6 {[%emt 0:00:06]} 16. Qd2 {[%emt 0:00:12]} Re8 {[%emt 0:00:04]} 17. Rad1 {[%emt 0:00:21]} Nbxd5 {[%emt 0:00:21]} 18. Nxd5 {[%emt 0:00:09]} Nxd5 {[%emt 0:00:02]} 19. Rfe1 {[%emt 0:00:19]} Bc7 {[%emt 0:00:11]} 20. Bd3 {[%emt 0:00:10]} Nf4 {[%emt 0:00:16]} 21. Bxh7+ {[%emt 0:00:19]} Kxh7 {[%emt 0:00:02]} 22. Qc2+ Nd3 {[%emt 0:00:14]} 23. Rxd3 {[%emt 0:00:02]} Qf6 {[%emt 0:00:13]} 24. Rd6+ {[%emt 0:00:06]} Kg8 {[%emt 0:00:19]} 25. Rxf6 gxf6 26. Qf5 {[%emt 0:00:02]} Bxf3 {[%emt 0:00:05]} 27. gxf3 {[%emt 0:00:07]} Rad8 {[%emt 0:00:03]} 28. f4 {[%emt 0:00:11]} Rd2 {[%emt 0:00:01]} 29. Bc3 Rc2 {[%emt 0:00:02]} 30. Qxc2 {[%emt 0:00:02]} exf4 31. Rxe8+ {[%emt 0:00:01]} 1-0

[Event "11th LCC Super Blitz 2019"]
[Site "London"]
[Date "2019.12.08"]
[Round "8.10"]
[White "Van Hoof, Alexander"]
[Black "Pappelis, Dimitrios"]
[Result "0-1"]
[WhiteElo "1968"]
[BlackElo "2160"]
[Annotator "NA"]
[PlyCount "120"]
[EventDate "2019.12.08"]
[EventType "swiss"]
[EventCountry "ENG"]
[SourceTitle "playchess.com"]
[Source "ChessBase"]
[SourceQuality "1"]
[TimeControl "180+2"]

1. e4 {[%emt 0:00:00]} c5 {[%emt 0:00:00]} 2. Nf3 {[%emt 0:00:00]} e6 {[%emt 0:00:00]} 3. c4 {[%emt 0:00:04]} Nc6 {[%emt 0:00:02]} 4. Nc3 {[%emt 0:00:02]} g5 {[%emt 0:00:01]} 5. h3 {[%emt 0:00:22]} Bg7 {[%emt 0:00:01]} 6. a3 {[%emt 0:00:05]} Nge7 {[%emt 0:00:08]} 7. d3 {[%emt 0:00:09]} h6 {[%emt 0:00:01]} 8. g4 {[%emt 0:00:08]} d6 {[%emt 0:00:06]} 9. Rb1 {[%emt 0:00:14]} Ng6 {[%emt 0:00:12]} 10. Bg2 {[%emt 0:00:17]} a6 {[%emt 0:00:01]} 11. Ne2 {[%emt 0:00:27]} O-O {[%emt 0:00:08]} 12. d4 {[%emt 0:00:10]} cxd4 {[%emt 0:00:04]} 13. Nexd4 {[%emt 0:00:14]} Nce5 {[%emt 0:00:12]} 14. b3 {[%emt 0:00:16]} Qa5+ {[%emt 0:00:32]} 15. Kf1 {[%emt 0:00:13]} Bd7 {[%emt 0:00:11]} 16. Qd2 {[%emt 0:00:13]} Qb6 {[%emt 0:00:07]} 17. Ne2 {[%emt 0:00:16]} Rad8 {[%emt 0:00:05]} 18. Ng3 {[%emt 0:00:07]} Nf4 {[%emt 0:00:05]} 19. Nh5 {[%emt 0:00:11]} Nxh5 {[%emt 0:00:07]} 20. gxh5 {[%emt 0:00:00]} Bc6 {[%emt 0:00:02]} 21. Qe2 {[%emt 0:00:07]} f5 {[%emt 0:00:09]} 22. Be3 {[%emt 0:00:01]} Qc7 {[%emt 0:00:02]} 23. exf5 {[%emt 0:00:01]} Rxf5 {[%emt 0:00:05]} 24. Nxe5 {[%emt 0:00:04]} Bxe5 {[%emt 0:00:09]} 25. Bxc6 {[%emt 0:00:02]} Qxc6 {[%emt 0:00:00]} 26. Rg1 {[%emt 0:00:01]} Rdf8 {[%emt 0:00:02]} 27. Ke1 {[%emt 0:00:02]} Qe4 {[%emt 0:00:04]} 28. Rc1 {[%emt 0:00:03]} Bd4 {[%emt 0:00:08]} 29. h4 {[%emt 0:00:01]} Bxe3 {[%emt 0:00:02]} 30. Qxe3 {[%emt 0:00:04]} Qxh4 {[%emt 0:00:05]} 31. Qxe6+ {[%emt 0:00:01]} R8f7 {[%emt 0:00:05]} 32. Qe8+ {[%emt 0:00:02]} Kg7 {[%emt 0:00:01]} 33. Qe6 {[%emt 0:00:03]} Re5+ {[%emt 0:00:01]} 34. Qxe5+ {[%emt 0:00:01]} dxe5 {[%emt 0:00:01]} 35. Rg3 {[%emt 0:00:01]} Qf4 {[%emt 0:00:03]} 36. Rc2 {[%emt 0:00:02]} Qe4+ {[%emt 0:00:04]} 37. Re2 {[%emt 0:00:01]} Qb1+ {[%emt 0:00:04]} 38. Kd2 {[%emt 0:00:01]} Rd7+ {[%emt 0:00:02]} 39. Ke3 {[%emt 0:00:02]} Qc1+ {[%emt 0:00:01]} 40. Kf3 {[%emt 0:00:01]} Rd3+ {[%emt 0:00:06]} 41. Kg2 {[%emt 0:00:01]} Rxg3+ {[%emt 0:00:03]} 42. Kxg3 {[%emt 0:00:02]} Kf6 {[%emt 0:00:02]} 43. Re3 {[%emt 0:00:01]} Qxa3 {[%emt 0:00:03]} 44. Rf3+ {[%emt 0:00:01]} Ke6 {[%emt 0:00:00]} 45. Re3 {[%emt 0:00:02]} Qb4 {[%emt 0:00:03]} 46. Kg4 {[%emt 0:00:01]} Qd2 {[%emt 0:00:03]} 47. Kg3 {[%emt 0:00:01]} Qd4 {[%emt 0:00:02]} 48. Kg2 {[%emt 0:00:02]} Qh4 {[%emt 0:00:03]} 49. Rh3 {[%emt 0:00:01]} Qe4+ {[%emt 0:00:01]} 50. Kh2 {[%emt 0:00:01]} g4 {[%emt 0:00:04]} 51. Rg3 {[%emt 0:00:02]} Qf5 {[%emt 0:00:02]} 52. Kg2 {[%emt 0:00:01]} Qxh5 {[%emt 0:00:02]} 53. b4 {[%emt 0:00:04]} Qf5 {[%emt 0:00:02]} 54. b5 {[%emt 0:00:02]} axb5 {[%emt 0:00:01]} 55. cxb5 {[%emt 0:00:00]} h5 {[%emt 0:00:01]} 56. b6 {[%emt 0:00:02]} h4 {[%emt 0:00:01]} 57. Rc3 {[%emt 0:00:02]} Qe4+ {[%emt 0:00:03]} 58. Kh2 {[%emt 0:00:03]} Qe1 {[%emt 0:00:05]} 59. Rc2 {[%emt 0:00:03]} Qf1 {[%emt 0:00:04]} 60. f4 {[%emt 0:00:04]} g3# {[%emt 0:00:02]} 0-1

[Event "11th LCC Super Blitz 2019"]
[Site "London"]
[Date "2019.12.08"]
[Round "8.10"]
[White "Tombolis, Christopher"]
[Black "Ozturan, Cem"]
[Result "1-0"]
[WhiteElo "1655"]
[BlackElo "1853"]
[Annotator "NA"]
[PlyCount "31"]
[EventDate "2019.12.08"]
[EventType "swiss"]
[EventCountry "ENG"]
[SourceTitle "playchess.com"]
[Source "ChessBase"]
[SourceQuality "1"]
[TimeControl "180+2"]

1. d4 {[%emt 0:00:00]} Nf6 {[%emt 0:00:00]} 2. c4 {[%emt 0:00:00]} e6 {[%emt 0:00:00]} 3. Nc3 {[%emt 0:00:02]} Bb4 {[%emt 0:00:01]} 4. e3 {[%emt 0:00:01]} O-O {[%emt 0:00:02]} 5. Nge2 {[%emt 0:00:00]} d5 {[%emt 0:00:02]} 6. a3 {[%emt 0:00:01]} Be7 {[%emt 0:00:02]} 7. cxd5 {[%emt 0:00:02]} exd5 {[%emt 0:00:01]} 8. Nf4 {[%emt 0:00:03]} c6 {[%emt 0:00:02]} 9. Bd3 {[%emt 0:00:02]} Na6 {[%emt 0:00:01]} 10. Bxa6 {[%emt 0:00:04]} bxa6 {[%emt 0:00:01]} 11. O-O {[%emt 0:00:02]} Bd6 {[%emt 0:00:06]} 12. Nd3 {[%emt 0:00:01]} Bf5 {[%emt 0:00:06]} 13. f4 {[%emt 0:00:11]} Re8 {[%emt 0:00:08]} 14. Na4 {[%emt 0:00:01]} Rb8 {[%emt 0:00:15]} 15. Ne5 {[%emt 0:00:17]} Bxe5 {[%emt 0:00:30]} 16. fxe5 {[%emt 0:00:05]} 1-0

[Event "11th LCC Super Blitz 2019"]
[Site "London"]
[Date "2019.12.08"]
[Round "8.11"]
[White "Patel, Rishi"]
[Black "Yeo, Klaus Lucas"]
[Result "0-1"]
[WhiteElo "1899"]
[BlackElo "1176"]
[Annotator "NA"]
[PlyCount "109"]
[EventDate "2019.12.08"]
[EventType "swiss"]
[EventCountry "ENG"]
[SourceTitle "playchess.com"]
[Source "ChessBase"]
[SourceQuality "1"]
[TimeControl "180+2"]

1. e4 {[%emt 0:00:00]} c5 {[%emt 0:00:00]} 2. Nf3 {[%emt 0:00:01]} d6 {[%emt 0:00:00]} 3. Bb5+ {[%emt 0:00:01]} Bd7 {[%emt 0:00:02]} 4. Bxd7+ {[%emt 0:00:01]} Nxd7 {[%emt 0:00:01]} 5. O-O {[%emt 0:00:03]} Ngf6 {[%emt 0:00:02]} 6. Re1 {[%emt 0:00:01]} e6 {[%emt 0:00:01]} 7. c3 {[%emt 0:00:01]} Be7 {[%emt 0:00:04]} 8. d4 {[%emt 0:00:01]} cxd4 {[%emt 0:00:02]} 9. cxd4 {[%emt 0:00:01]} h6 {[%emt 0:00:04]} 10. Be3 {[%emt 0:00:01]} a6 {[%emt 0:00:02]} 11. h3 {[%emt 0:00:02]} O-O {[%emt 0:00:03]} 12. Nc3 {[%emt 0:00:01]} Rc8 {[%emt 0:00:02]} 13. Rc1 {[%emt 0:00:01]} e5 {[%emt 0:00:08]} 14. Qb3 {[%emt 0:00:19]} exd4 {[%emt 0:00:20]} 15. Bxd4 {[%emt 0:00:01]} b5 {[%emt 0:00:08]} 16. Qd1 {[%emt 0:00:19]} Nc5 {[%emt 0:00:04]} 17. b4 {[%emt 0:00:03]} Ne6 {[%emt 0:00:04]} 18. Be3 {[%emt 0:00:16]} Qd7 {[%emt 0:00:15]} 19. Nd5 {[%emt 0:00:00]} Nxe4 {[%emt 0:00:15]} 20. Nb6 {[%emt 0:00:32]} Rxc1 {[%emt 0:00:10]} 21. Bxc1 {[%emt 0:00:02]} Qb7 {[%emt 0:00:05]} 22. Nd5 {[%emt 0:00:11]} Nf6 {[%emt 0:00:03]} 23. Nxf6+ {[%emt 0:00:11]} Bxf6 {[%emt 0:00:04]} 24. Qxd6 {[%emt 0:00:04]} Rd8 {[%emt 0:00:04]} 25. Qg3 {[%emt 0:00:17]} Kh7 {[%emt 0:00:04]} 26. a3 {[%emt 0:00:10]} Rd7 {[%emt 0:00:11]} 27. Be3 {[%emt 0:00:04]} Bb2 {[%emt 0:00:15]} 28. Bc1 {[%emt 0:00:22]} Bxc1 {[%emt 0:00:02]} 29. Rxc1 {[%emt 0:00:01]} Qd5 {[%emt 0:00:10]} 30. Ne5 {[%emt 0:00:17]} Re7 {[%emt 0:00:17]} 31. Nc6 {[%emt 0:00:04]} Rc7 {[%emt 0:00:03]} 32. Qc3 {[%emt 0:00:20]} Nd8 {[%emt 0:00:01]} 33. Qc2+ {[%emt 0:00:05]} g6 {[%emt 0:00:04]} 34. Rd1 {[%emt 0:00:03]} Qg5 {[%emt 0:00:10]} 35. Rxd8 {[%emt 0:00:04]} Qxd8 {[%emt 0:00:04]} 36. Qe4 {[%emt 0:00:06]} Qd7 {[%emt 0:00:05]} 37. Ne5 {[%emt 0:00:05]} Qe7 {[%emt 0:00:02]} 38. Qf4 {[%emt 0:00:01]} Kg7 {[%emt 0:00:04]} 39. Nd3 {[%emt 0:00:01]} Rd7 {[%emt 0:00:02]} 40. Qf3 {[%emt 0:00:04]} Qd6 {[%emt 0:00:03]} 41. Nf4 {[%emt 0:00:01]} Qd1+ {[%emt 0:00:05]} 42. Qxd1 {[%emt 0:00:01]} Rxd1+ {[%emt 0:00:01]} 43. Kh2 {[%emt 0:00:01]} Ra1 {[%emt 0:00:01]} 44. Nd5 {[%emt 0:00:02]} Rxa3 {[%emt 0:00:02]} 45. Nc7 {[%emt 0:00:01]} Ra4 {[%emt 0:00:04]} 46. Kg3 {[%emt 0:00:03]} Rxb4 {[%emt 0:00:01]} 47. Nxa6 {[%emt 0:00:01]} Ra4 {[%emt 0:00:01]} 48. Nc5 {[%emt 0:00:01]} Rc4 {[%emt 0:00:02]} 49. Nd3 {[%emt 0:00:01]} b4 {[%emt 0:00:01]} 50. Kf3 {[%emt 0:00:02]} b3 {[%emt 0:00:01]} 51. Ke3 {[%emt 0:00:04]} Rc8 {[%emt 0:00:03]} 52. Nb2 {[%emt 0:00:01]} Rc2 {[%emt 0:00:03]} 53. Nd3 {[%emt 0:00:03]} b2 {[%emt 0:00:02]} 54. Nxb2 {[%emt 0:00:01]} Rxb2 {[%emt 0:00:01]} 55. Kd4 {[%emt 0:00:09]} 0-1